000 00212nam a22001217a 4500
040 _cSY
082 _a616
100 _aNA
245 _aFish pathology
260 _aAIT
_bNA
_cNA
300 _a86p.
942 _cEK
999 _c10324
_d10324